000 00599nam a22001817a 4500
005 20251108173323.0
008 250721s2004 xx 000 0 ara d
082 1 4 _a701.17/شكي
100 1 _aشكير، عبد المجيد
_eمؤلف
245 1 0 _aالجماليات: بحث في المفهوم و مقاربة للتمظهرات و التغيرات /
264 1 _aدمشق :
_bدار الطليعة الجديدة،
_c2004.
300 _a76 ص
650 1 7 _aعلم الجمال
650 1 7 _aالفلسفة
650 1 7 _aالإبداع الفني
942 _2ddc
_cBK
999 _c101185
_d101185